| 000 | 00453nam a2200181Ia 4500 | ||
|---|---|---|---|
| 003 | GCL | ||
| 008 | 140319s9999 xx 000 0 eng d | ||
| 040 |
_aGCL / _cGCL |
||
| 082 | 0 | 4 |
_a843 _bK Z |
| 100 | 1 | _aKOESTLER, ARTHUER | |
| 245 | 1 | 0 |
_aLE ZERO ET L'INFINI / _cKOESTLER, ARTHUER |
| 260 |
_a[S.N] : _bCALMANN- LEVY |
||
| 300 | _a318 P | ||
| 490 |
_aLE LIVRE DE POCHE _v0 |
||
| 650 | 0 | 4 | _aLITERATURE |
| 650 | 0 | 4 | _aFRENCH LITERATURE |
| 942 |
_2ddc _cBK |
||
| 999 |
_c21850 _d21850 |
||